Tears In The Rain - The Weeknd Lyrics - Statistics

General Stats
  • This quiz has been taken 116 times
  • The average score is 269 of 337
Answer Stats
Hint Answer % Correct
I
100%
tears
98%
the
98%
a
96%
all
96%
in
96%
it
96%
It
96%
rain
96%
it's
94%
like
94%
Like
94%
no
94%
same
94%
They
94%
to
94%
To
94%
you,
94%
You
94%
you
94%
feel
92%
her
92%
Adjust
91%
fame
91%
fame,
91%
love
91%
She
91%
she
91%
And
89%
and
89%
will
89%
one
87%
pointless
87%
be
83%
Cause
83%
'Cause
83%
she's
83%
So
83%
so
83%
gone
81%
now
81%
Now
81%
that
81%
When
81%
when
81%
me
77%
said
77%
let
75%
smile
75%
die
74%
done
74%
Embrace
74%
with
74%
Don't
72%
away
70%
become
70%
has
70%
show
70%
world
70%
good
68%
had
68%
slip
68%
up
68%
you've
68%
about
66%
how
66%
Of
66%
of
66%
things
66%
this
66%
forgot
64%
my
64%
recollection
64%
by
62%
comes
62%
life
62%
sad
62%
too
60%
without
60%
But
58%
if
58%
oh
58%
end
57%
End
57%
girl
57%
alone
55%
already
55%
myself
55%
should've
55%
every
53%
far
53%
I'm
53%
late
53%
even
51%
young
51%
better
49%
dying
49%
felt
49%
I've
49%
deserve
47%
leave
47%
off
47%
selfish
47%
watch
47%
would
47%
changed
45%
give
45%
itself
45%
started
45%
were
43%
could've
42%
exposed
42%
real
42%
ways
42%
free
40%
stay,
40%
ooh
38%
set
38%
watched
36%
touch
34%
No matching quizzes found
Score Distribution
Percent of People with Each Score
Percentile by Number Answered
Your Score History
You have not taken this quiz